LEADER 00978nam 2200361 450 001 990001057830203316 035 $a0105783 035 $aUSA010105783 035 $a(ALEPH)000105783USA01 035 $a0105783 100 $a20020325d--------km-y0itay0103----ba 101 $aeng 102 $aUS 110 $aaka-------- 200 1 $aStudies in the Renaissance 210 $aNew York$cThe Renaissance society of America 215 $av.$d23 cm 326 $aAnnuale 410 $12001 421 1$1001-------$12001 430 1$1001-------$12001 606 0 $aRinascimento$xStudi$xPeriodici 676 $a800 801 0$aIT$bsalbc$gISBD 912 $a990001057830203316 958 $aUMA$bFONDO$c1(1954)-21(1974). Indici 1954-1974 959 $aSE 969 $aUMA 979 $aPATTY$b90$c20020325$lUSA01$h1403 979 $c20020403$lUSA01$h1745 979 $aPATRY$b90$c20040406$lUSA01$h1713 996 $aSTUDIES in the Renaissance$9530131 997 $aUNISA LEADER 02481nam 22005174a 450 001 9910782752103321 005 20230617042431.0 010 $a0-8261-2736-3 035 $a(CKB)1000000000705983 035 $a(EBL)423599 035 $a(OCoLC)476263678 035 $a(SSID)ssj0000099095 035 $a(PQKBManifestationID)11550191 035 $a(PQKBTitleCode)TC0000099095 035 $a(PQKBWorkID)10006636 035 $a(PQKB)11642096 035 $a(MiAaPQ)EBC423599 035 $a(Au-PeEL)EBL423599 035 $a(CaPaEBR)ebr10265377 035 $a(CaONFJC)MIL831369 035 $a(EXLCZ)991000000000705983 100 $a20040702d2004 uy 0 101 0 $aeng 135 $aur|n|---||||| 181 $ctxt 182 $cc 183 $acr 200 10$aAdvances in patient education$b[electronic resource] /$fBarbara K. Redman 210 $aNew York, NY $cSpringer Pub. Co.$dc2004 215 $a1 online resource (124 p.) 300 $aDescription based upon print version of record. 311 $a0-8261-2735-5 320 $aIncludes bibliographical references and index. 327 $aStatus of patient education and its philosophical base -- Advances in learning theory for patient education -- Patient education and ethical standards -- Measurement of patient education outcomes -- Preparation for patient self-management of chronic disease -- Advances in the delivery of patient education -- Mental health psychoeducation: a case example -- Summary of the current state of patient education. 330 $aThis book provides an integrative analysis of new advances in patient education, and the current state of the field. Written by one of patient education's foremost experts, the book focuses on the following important areas: learning theory; ethics; measurement & outcomes; preparation for self management of chronic disease; mode of delivery; and mental health. The growing importance of patient-centered care, and the large number of persons with one or more chronic diseases offers patient education the opportunity to grow as an independent and fundamental part of the health care system. ;chapter 606 $aPatient education 615 0$aPatient education. 676 $a615.5/071 700 $aRedman$b Barbara Klug$01465424 801 0$bMiAaPQ 801 1$bMiAaPQ 801 2$bMiAaPQ 906 $aBOOK 912 $a9910782752103321 996 $aAdvances in patient education$93791652 997 $aUNINA